Prístupy k reforme dôchodkového systému na Slovensku majú paternalistické črty
Koncepcia transformácie sociálnej sféry v SR predpokladá vytvorenie trojstupňového systému dôchodkového zabezpečenia. Základné nedostatky štátnych dôchodkových systémov. Charakteristika navrhovaného systému povinného súkromného sporenia. Nový model základného dôchodkového zabezpečenia je len modifik...
Salvato in:
| Autore principale: | |
|---|---|
| Natura: | Capitolo di libro |
| Lingua: | slovacco |
| Soggetti: | |
| Tags: |
Nessun Tag, puoi essere il primo ad aggiungerne!!
|
MARC
| LEADER | 00000naa a2200000 4500 | ||
|---|---|---|---|
| 001 | r022790 | ||
| 005 | 20230921074110.8 | ||
| 041 | 0 | |a slo | |
| 044 | |a SK | ||
| 245 | 1 | 0 | |a Prístupy k reforme dôchodkového systému na Slovensku majú paternalistické črty |c P. Suďa |
| 520 | |a Koncepcia transformácie sociálnej sféry v SR predpokladá vytvorenie trojstupňového systému dôchodkového zabezpečenia. Základné nedostatky štátnych dôchodkových systémov. Charakteristika navrhovaného systému povinného súkromného sporenia. Nový model základného dôchodkového zabezpečenia je len modifikáciou starého systému. Úloha Sociálnej poisťovne. | ||
| 610 | 2 | 0 | |a Slovensko |
| 610 | 2 | 0 | |a dôchodky |
| 610 | 2 | 0 | |a dôchodky starobné |
| 610 | 2 | 0 | |a starostlivosť sociálna |
| 610 | 2 | 0 | |a zabezpečenie dôchodkové |
| 610 | 2 | 0 | |a Sociálna poisťovňa, a.s. Bratislava |
| 100 | 1 | |a Suďa, P. | |